<?xml version="1.0" encoding="UTF-8"?>
<collection xmlns="http://www.loc.gov/MARC21/slim">
 <record>
  <leader>05875cam a2200913   4500</leader>
  <controlfield tag="001">747175500</controlfield>
  <controlfield tag="003">DE-627</controlfield>
  <controlfield tag="005">20240924203747.0</controlfield>
  <controlfield tag="007">tu</controlfield>
  <controlfield tag="008">130529s2014    gw |||||      00| ||ger c</controlfield>
  <datafield tag="010" ind1=" " ind2=" ">
   <subfield code="a">  2014386385</subfield>
  </datafield>
  <datafield tag="015" ind1=" " ind2=" ">
   <subfield code="a">13,N22</subfield>
   <subfield code="2">dnb</subfield>
  </datafield>
  <datafield tag="016" ind1="7" ind2=" ">
   <subfield code="a">1034784285</subfield>
   <subfield code="2">DE-101</subfield>
  </datafield>
  <datafield tag="020" ind1=" " ind2=" ">
   <subfield code="a">3422072292</subfield>
   <subfield code="c"> : Leinen. : ca. EUR 39.90 (DE)</subfield>
   <subfield code="9">3-422-07229-2</subfield>
  </datafield>
  <datafield tag="020" ind1=" " ind2=" ">
   <subfield code="a">9783422072299</subfield>
   <subfield code="c">Leinen. : ca. EUR 39.90 (DE), ca. EUR 41.10 (AT), ca. sfr 53.90 (freier Pr.)</subfield>
   <subfield code="9">978-3-422-07229-9</subfield>
  </datafield>
  <datafield tag="024" ind1="3" ind2=" ">
   <subfield code="a">9783422072299</subfield>
  </datafield>
  <datafield tag="035" ind1=" " ind2=" ">
   <subfield code="a">(DE-627)747175500</subfield>
  </datafield>
  <datafield tag="035" ind1=" " ind2=" ">
   <subfield code="a">(DE-576)401572145</subfield>
  </datafield>
  <datafield tag="035" ind1=" " ind2=" ">
   <subfield code="a">(DE-599)DNB1034784285</subfield>
  </datafield>
  <datafield tag="035" ind1=" " ind2=" ">
   <subfield code="a">(OCoLC)876333462</subfield>
  </datafield>
  <datafield tag="035" ind1=" " ind2=" ">
   <subfield code="a">(OCoLC)876333462</subfield>
  </datafield>
  <datafield tag="040" ind1=" " ind2=" ">
   <subfield code="a">DE-627</subfield>
   <subfield code="b">ger</subfield>
   <subfield code="c">DE-627</subfield>
   <subfield code="e">rda</subfield>
  </datafield>
  <datafield tag="041" ind1=" " ind2=" ">
   <subfield code="a">ger</subfield>
  </datafield>
  <datafield tag="044" ind1=" " ind2=" ">
   <subfield code="c">XA-DE-BE</subfield>
  </datafield>
  <datafield tag="050" ind1=" " ind2="0">
   <subfield code="a">N332.G33</subfield>
  </datafield>
  <datafield tag="082" ind1="0" ind2=" ">
   <subfield code="a">707.11435534</subfield>
   <subfield code="2">22/ger</subfield>
  </datafield>
  <datafield tag="082" ind1="0" ind2=" ">
   <subfield code="a">370.9</subfield>
  </datafield>
  <datafield tag="082" ind1="0" ind2="4">
   <subfield code="a">700</subfield>
   <subfield code="a">370</subfield>
   <subfield code="q">DNB</subfield>
  </datafield>
  <datafield tag="082" ind1="0" ind2="4">
   <subfield code="a">700</subfield>
  </datafield>
  <datafield tag="084" ind1=" " ind2=" ">
   <subfield code="a">9,11</subfield>
   <subfield code="2">ssgn</subfield>
  </datafield>
  <datafield tag="084" ind1=" " ind2=" ">
   <subfield code="a">9,11</subfield>
   <subfield code="a">9,10</subfield>
   <subfield code="2">ssgn</subfield>
  </datafield>
  <datafield tag="084" ind1=" " ind2=" ">
   <subfield code="a">AL 52022</subfield>
   <subfield code="q">HBZ</subfield>
   <subfield code="2">rvk</subfield>
   <subfield code="0">(DE-625)rvk/3606:587</subfield>
  </datafield>
  <datafield tag="084" ind1=" " ind2=" ">
   <subfield code="a">LH 61300</subfield>
   <subfield code="q">HBZ</subfield>
   <subfield code="2">rvk</subfield>
   <subfield code="0">(DE-625)rvk/94225:</subfield>
  </datafield>
  <datafield tag="084" ind1=" " ind2=" ">
   <subfield code="a">LH 61310</subfield>
   <subfield code="2">rvk</subfield>
   <subfield code="0">(DE-625)rvk/94226:</subfield>
  </datafield>
  <datafield tag="084" ind1=" " ind2=" ">
   <subfield code="a">15.53</subfield>
   <subfield code="2">bkl</subfield>
  </datafield>
  <datafield tag="084" ind1=" " ind2=" ">
   <subfield code="a">20.01</subfield>
   <subfield code="2">bkl</subfield>
  </datafield>
  <datafield tag="084" ind1=" " ind2=" ">
   <subfield code="a">20.04</subfield>
   <subfield code="2">bkl</subfield>
  </datafield>
  <datafield tag="110" ind1="2" ind2=" ">
   <subfield code="a">Kunstakademie Düsseldorf</subfield>
   <subfield code="0">(DE-588)2121796-8</subfield>
   <subfield code="0">(DE-627)101696485</subfield>
   <subfield code="0">(DE-576)194046435</subfield>
   <subfield code="4">aut</subfield>
  </datafield>
  <datafield tag="245" ind1="1" ind2="4">
   <subfield code="a">Die Geschichte der Kunstakademie Düsseldorf seit 1945</subfield>
   <subfield code="c">herausgegeben von der Kunstakademie Düsseldorf</subfield>
  </datafield>
  <datafield tag="264" ind1=" " ind2="1">
   <subfield code="a">Berlin</subfield>
   <subfield code="a">München</subfield>
   <subfield code="b">Deutscher Kunstverlag</subfield>
   <subfield code="c">2014</subfield>
  </datafield>
  <datafield tag="264" ind1=" " ind2="4">
   <subfield code="c">© 2014</subfield>
  </datafield>
  <datafield tag="300" ind1=" " ind2=" ">
   <subfield code="a">478 Seiten</subfield>
   <subfield code="b">Illustrationen</subfield>
   <subfield code="c">300 mm x 240 mm</subfield>
  </datafield>
  <datafield tag="336" ind1=" " ind2=" ">
   <subfield code="a">Text</subfield>
   <subfield code="b">txt</subfield>
   <subfield code="2">rdacontent</subfield>
  </datafield>
  <datafield tag="337" ind1=" " ind2=" ">
   <subfield code="a">ohne Hilfsmittel zu benutzen</subfield>
   <subfield code="b">n</subfield>
   <subfield code="2">rdamedia</subfield>
  </datafield>
  <datafield tag="338" ind1=" " ind2=" ">
   <subfield code="a">Band</subfield>
   <subfield code="b">nc</subfield>
   <subfield code="2">rdacarrier</subfield>
  </datafield>
  <datafield tag="520" ind1=" " ind2=" ">
   <subfield code="a">The Kunstakademie Dèusseldorf is the alma mater of numerous internationally acclaimed artists who often went on to teach there themselves. This book presents lavishly illustrated contributions by scholars from the academy as well as guest authors. They focus on the academy's teaching culture, its founding in 1762, the period of National Socialism, the post-war era, and the late 1960s. This book also comprises interviews with Ernst Althoff, Anthony Cragg, Irmin Kamp, Konrad Klapheck, Markus Lèupertz, Gerhard Richter, and Erich Reuch</subfield>
  </datafield>
  <datafield tag="583" ind1="1" ind2=" ">
   <subfield code="a">Archivierung/Langzeitarchivierung gewährleistet</subfield>
   <subfield code="f">SSG</subfield>
   <subfield code="x">XA-DE-BW</subfield>
   <subfield code="2">pdager</subfield>
   <subfield code="5">DE-16</subfield>
  </datafield>
  <datafield tag="610" ind1="1" ind2="0">
   <subfield code="a">Staatliche Kunstakademie Düsseldorf</subfield>
   <subfield code="x">History</subfield>
  </datafield>
  <datafield tag="610" ind1="1" ind2="0">
   <subfield code="a">Staatliche Kunstakademie Düsseldorf</subfield>
   <subfield code="x">Alumni and alumnae</subfield>
  </datafield>
  <datafield tag="610" ind1="2" ind2="7">
   <subfield code="0">(DE-588)2121796-8</subfield>
   <subfield code="0">(DE-627)101696485</subfield>
   <subfield code="0">(DE-576)194046435</subfield>
   <subfield code="a">Kunstakademie Düsseldorf</subfield>
   <subfield code="2">gnd</subfield>
  </datafield>
  <datafield tag="650" ind1=" " ind2="0">
   <subfield code="a">Art, German</subfield>
   <subfield code="y">20th century</subfield>
   <subfield code="v">Catalogs</subfield>
  </datafield>
  <datafield tag="650" ind1="0" ind2="7">
   <subfield code="0">(DE-588)4166019-5</subfield>
   <subfield code="0">(DE-627)105435899</subfield>
   <subfield code="0">(DE-576)209899352</subfield>
   <subfield code="a">Kunstakademie</subfield>
   <subfield code="2">gnd</subfield>
  </datafield>
  <datafield tag="650" ind1="0" ind2="7">
   <subfield code="0">(DE-588)4035093-9</subfield>
   <subfield code="0">(DE-627)106249398</subfield>
   <subfield code="0">(DE-576)20901072X</subfield>
   <subfield code="a">Lehrerbildung</subfield>
   <subfield code="2">gnd</subfield>
  </datafield>
  <datafield tag="650" ind1="0" ind2="7">
   <subfield code="0">(DE-588)4033637-2</subfield>
   <subfield code="0">(DE-627)106256440</subfield>
   <subfield code="0">(DE-576)209002905</subfield>
   <subfield code="a">Kunsterziehung</subfield>
   <subfield code="2">gnd</subfield>
  </datafield>
  <datafield tag="650" ind1="0" ind2="7">
   <subfield code="0">(DE-588)4114333-4</subfield>
   <subfield code="0">(DE-627)105822957</subfield>
   <subfield code="0">(DE-576)209483733</subfield>
   <subfield code="a">Kunst</subfield>
   <subfield code="2">gnd</subfield>
  </datafield>
  <datafield tag="650" ind1="0" ind2="7">
   <subfield code="0">(DE-588)4025243-7</subfield>
   <subfield code="0">(DE-627)106294369</subfield>
   <subfield code="0">(DE-576)208959793</subfield>
   <subfield code="a">Hochschullehrer</subfield>
   <subfield code="2">gnd</subfield>
  </datafield>
  <datafield tag="651" ind1=" " ind2="7">
   <subfield code="0">(DE-588)4013255-9</subfield>
   <subfield code="0">(DE-627)106344692</subfield>
   <subfield code="0">(DE-576)208902619</subfield>
   <subfield code="a">Düsseldorf</subfield>
   <subfield code="2">gnd</subfield>
  </datafield>
  <datafield tag="655" ind1=" " ind2="7">
   <subfield code="a">Aufsatzsammlung</subfield>
   <subfield code="0">(DE-588)4143413-4</subfield>
   <subfield code="0">(DE-627)105605727</subfield>
   <subfield code="0">(DE-576)209726091</subfield>
   <subfield code="2">gnd-content</subfield>
  </datafield>
  <datafield tag="689" ind1="0" ind2="0">
   <subfield code="d">b</subfield>
   <subfield code="0">(DE-588)2121796-8</subfield>
   <subfield code="0">(DE-627)101696485</subfield>
   <subfield code="0">(DE-576)194046435</subfield>
   <subfield code="a">Kunstakademie Düsseldorf</subfield>
   <subfield code="2">gnd</subfield>
  </datafield>
  <datafield tag="689" ind1="0" ind2="1">
   <subfield code="a">z</subfield>
   <subfield code="2">gnd</subfield>
   <subfield code="a">Geschichte 1945-2014</subfield>
  </datafield>
  <datafield tag="689" ind1="0" ind2=" ">
   <subfield code="5">DE-101</subfield>
  </datafield>
  <datafield tag="700" ind1="1" ind2=" ">
   <subfield code="a">Cragg, Tony</subfield>
   <subfield code="d">1949-</subfield>
   <subfield code="e">HerausgeberIn</subfield>
   <subfield code="0">(DE-588)118522531</subfield>
   <subfield code="0">(DE-627)079324177</subfield>
   <subfield code="0">(DE-576)166270083</subfield>
   <subfield code="4">edt</subfield>
  </datafield>
  <datafield tag="856" ind1="4" ind2="2">
   <subfield code="u">http://www.gbv.de/dms/weimar/toc/747175500_toc.pdf</subfield>
   <subfield code="m">V:DE-601</subfield>
   <subfield code="m">B:DE-Wim2</subfield>
   <subfield code="q">application/pdf</subfield>
   <subfield code="x">Verlag</subfield>
   <subfield code="y">Inhaltsverzeichnis</subfield>
   <subfield code="3">Inhaltsverzeichnis</subfield>
  </datafield>
  <datafield tag="856" ind1="4" ind2="2">
   <subfield code="u">http://deposit.dnb.de/cgi-bin/dokserv?id=4337053&amp;prov=M&amp;dok_var=1&amp;dok_ext=htm</subfield>
   <subfield code="q">text/html</subfield>
   <subfield code="x">Verlag</subfield>
   <subfield code="3">Inhaltstext</subfield>
  </datafield>
  <datafield tag="856" ind1="4" ind2="2">
   <subfield code="u">https://swbplus.bsz-bw.de/bsz401572145rez.htm</subfield>
   <subfield code="m">B:DE-576;DE-16</subfield>
   <subfield code="q">application/pdf</subfield>
   <subfield code="v">20141219111156</subfield>
   <subfield code="x">Verlag</subfield>
   <subfield code="3">Rezension</subfield>
  </datafield>
  <datafield tag="856" ind1="4" ind2="2">
   <subfield code="u">http://www.sehepunkte.de/2014/12/24037.html</subfield>
   <subfield code="m">V:DE-576;X:Sehepunkte</subfield>
   <subfield code="q">text/html</subfield>
   <subfield code="v">20180417093912</subfield>
   <subfield code="3">Rezension</subfield>
  </datafield>
  <datafield tag="856" ind1="4" ind2="2">
   <subfield code="u">http://www.deutscherkunstverlag.de/buch/malerei-und-skulptur/++/buchid/1467-die-geschichte-der-kunstakademie-d%FCsseldorf-seit-1945/buchdetail/1/seite//</subfield>
   <subfield code="x">Verlag</subfield>
   <subfield code="y">Inhaltsbeschreibung</subfield>
  </datafield>
  <datafield tag="935" ind1=" " ind2=" ">
   <subfield code="i">Blocktest</subfield>
  </datafield>
  <datafield tag="936" ind1="r" ind2="v">
   <subfield code="a">AL 52022</subfield>
   <subfield code="b">Geschichte</subfield>
   <subfield code="k">Allgemeines</subfield>
   <subfield code="k">Hochschul- und Universitätswesen</subfield>
   <subfield code="k">Hochschulwesen einzelner Länder und einzelne Hochschulen</subfield>
   <subfield code="k">Hochschulen deutschsprachiger Länder</subfield>
   <subfield code="k">Hochschulen - Deutschland</subfield>
   <subfield code="k">Düsseldorf</subfield>
   <subfield code="k">Kunstakademie</subfield>
   <subfield code="k">Geschichte</subfield>
   <subfield code="0">(DE-627)1398315575</subfield>
   <subfield code="0">(DE-625)rvk/3606:587</subfield>
   <subfield code="0">(DE-576)328315575</subfield>
  </datafield>
  <datafield tag="936" ind1="r" ind2="v">
   <subfield code="a">LH 61300</subfield>
   <subfield code="b">Ausbildung zum Künstler (Theorie und Geschichte. Kunstakademien und Kunstgewerbeschulen. Lehrpläne, Studiengang etc. Abbildungswerke von Schülerarbeiten)</subfield>
   <subfield code="k">Kunstgeschichte</subfield>
   <subfield code="k">Allgemeines. Allgemeine Kunstgeschichte</subfield>
   <subfield code="k">Theorie und Praxis der Bildenden Kunst</subfield>
   <subfield code="k">Praxis der Bildenden Kunst</subfield>
   <subfield code="k">Ausbildung zum Künstler (Theorie und Geschichte. Kunstakademien und Kunstgewerbeschulen. Lehrpläne, Studiengang etc. Abbildungswerke von Schülerarbeiten)</subfield>
   <subfield code="0">(DE-627)1270658492</subfield>
   <subfield code="0">(DE-625)rvk/94225:</subfield>
   <subfield code="0">(DE-576)200658492</subfield>
  </datafield>
  <datafield tag="936" ind1="r" ind2="v">
   <subfield code="a">LH 61310</subfield>
   <subfield code="b">Einzelne Hoch- und Fachschulen</subfield>
   <subfield code="k">Kunstgeschichte</subfield>
   <subfield code="k">Allgemeines. Allgemeine Kunstgeschichte</subfield>
   <subfield code="k">Theorie und Praxis der Bildenden Kunst</subfield>
   <subfield code="k">Praxis der Bildenden Kunst</subfield>
   <subfield code="k">Einzelne Hoch- und Fachschulen</subfield>
   <subfield code="0">(DE-627)1270643762</subfield>
   <subfield code="0">(DE-625)rvk/94226:</subfield>
   <subfield code="0">(DE-576)200643762</subfield>
  </datafield>
  <datafield tag="936" ind1="b" ind2="k">
   <subfield code="a">15.53</subfield>
   <subfield code="j">Nordrhein-Westfalen</subfield>
   <subfield code="x">Geschichte</subfield>
   <subfield code="0">(DE-627)181571595</subfield>
  </datafield>
  <datafield tag="936" ind1="b" ind2="k">
   <subfield code="a">20.01</subfield>
   <subfield code="j">Geschichte der Kunstwissenschaften</subfield>
   <subfield code="0">(DE-627)106406485</subfield>
  </datafield>
  <datafield tag="936" ind1="b" ind2="k">
   <subfield code="a">20.04</subfield>
   <subfield code="j">Ausbildung</subfield>
   <subfield code="j">Beruf</subfield>
   <subfield code="j">Organisationen</subfield>
   <subfield code="x">Kunstwissenschaften</subfield>
   <subfield code="0">(DE-627)106406299</subfield>
  </datafield>
  <datafield tag="951" ind1=" " ind2=" ">
   <subfield code="a">BO</subfield>
  </datafield>
  <datafield tag="990" ind1=" " ind2=" ">
   <subfield code="a">Kunstakademie Düsseldorf</subfield>
  </datafield>
  <datafield tag="990" ind1=" " ind2=" ">
   <subfield code="a">Geschichte 1945-2014</subfield>
  </datafield>
  <datafield tag="991" ind1=" " ind2=" ">
   <subfield code="a">Rezensiertes Werk</subfield>
  </datafield>
  <datafield tag="999" ind1=" " ind2=" ">
   <subfield code="a">KXP-PPN747175500</subfield>
   <subfield code="e">4183010187</subfield>
  </datafield>
 </record>
</collection>
